Leader xxxxxxxxxx
001 __ PCLIS00035346
005 __ 20210617092113.0
010 0_ |a957-32-5083-7|b套 : 精裝|dNT$560
010 0_ |a957-32-5068-3|b第1冊 : 精裝|dNT$280
010 0_ |a957-32-5069-1|b第2冊 : 精裝|dNT$280
100 __ |a20050506g20031957m y0chiy09 e
101 0_ |achi
102 __ |atw
105 __ |aafchz 000ad
200 1_ |a碧血劍|f金庸作
205 __ |a四版
205 __ |a公元2003年金庸新修版
210 __ |a臺北市|c遠流|d2003[民92]
215 0_ |a2冊(954面, 圖版[32]面)|c部分彩圖|d22公分
225 12 |a金庸作品集|v3-4
300 __ |a本館館藏為2004年2刷
320 __ |a附袁崇煥評傳
517 1_ |aThe sword stained with royal blood
606 __ |2cst|a武俠小說
681 __ |a857.9|b864
700 _1 |a金庸|4作|f1924-2018
801 _0 |atw|b內湖高中|c20050506|gCCR
|